000 00280nam a2200097Ia 4500
008 220204s9999 xx 000 0 und d
082 _a5:061(540)
_bPRO
245 0 _aProceedings of the 39th Indian Science Congress. Pt IV
260 _aCalcutta
_bIndian Science Congress
942 _cBK
999 _c21808
_d21808